| 000 | 00509nam a2200193Ia 4500 | ||
|---|---|---|---|
| 003 | OSt | ||
| 005 | 20250111115156.0 | ||
| 008 | 210716s1995 xx 000 0 und d | ||
| 020 | _a0380772566 | ||
| 040 | _cAIMIT LIBRARY | ||
| 041 | _aeng | ||
| 082 |
_a808.83 _bLOWE |
||
| 100 |
_aLowell, Elizabeth. _9193122 |
||
| 245 |
_aOnly love / _cBy Elizabeth Lowell. |
||
| 250 | _a1st ed. | ||
| 260 |
_aNew York : _bAvon Books ; _c1995. |
||
| 300 |
_a408p. ; _bPB _c17 cm. |
||
| 942 |
_2ddc _cBK _e1st ed. _k808.83 LOWE |
||
| 999 |
_c200348 _d200348 |
||